00893nam a2200193 a 450000100100000000500170001000800410002702000180006804000250008610000420011124500840015326000670023730000210030450400300032595201110035595201110046695201050057799900170068200003128720200930062827.0110617s2011 dr 000 0 spa d a9789945875713 aDO-SdBNPbspacBNPHU1 aBircann Sánchez, Juan Carlos95775010aEstudios sobre criminología y derecho penal /cJuan Carlos Bircann Sánchez. aSanto Domingo :bEscuela Nacional Ministerio Público,c2011. a158 p. ;c24 cm. aBibliografía: p.151-155 0010718DSaGRbGRcCTd2011-06-17iLF1l0o p31287-30r2020-06-25te. 3w2020-06-25yLFDSZNo se presta 0010718PDaPDbPDcCTd2011-06-17iLF1l0o p31287-10r2020-06-25te. 2w2020-06-25yLFPDZNo se presta 0010718PDaPDbPDcCTd2011-06-17iLF1l0o p31287-20r2020-06-25w2020-06-25yLFPDZNo se presta c30779d30779